[Event "Egypt Open 2016"]
[Site "Eastern Company Club"]
[Date "2016.04.27"]
[Round "8"]
[Board "5"]
[White "Labib, Ibrahim Hasan"]
[Black "Ismail, Hamed"]
[Result "0-1"]
[WhiteElo "2424"]
[BlackElo "2171"]
[PlyCount "104"]
[EventDate "2016.04.22"]
[EventRounds "9"]
[EventCountry "EGY"]

1. e4 c6 2. d4 d5 3. e5 Bf5 4. Nf3 e6 5. Nbd2 Nd7 6. Nb3 h6 7. Be2 a5 8. a4 Ne7
9. O-O Bh7 10. Bd2 Nf5 11. Rc1 Be7 12. Qe1 b6 13. c4 dxc4 14. Rxc4 Nb8 15. g4
Nh4 16. Nxh4 Bxh4 17. Rc3 Be4 18. Bc4 Bd5 19. Bxd5 Qxd5 20. Rh3 Be7 21. f4 Na6
22. Qe2 Bb4 23. Bc1 Nc7 24. f5 O-O-O 25. Qf3 Qc4 26. Bf4 Kb7 27. Bg3 Be7 28. f6
gxf6 29. exf6 Bd6 30. Bxd6 Rxd6 31. Qf4 Rd5 32. Rff3 h5 33. Rxh5 Rhxh5 34. gxh5
Rxh5 35. Nd2 Qxa4 36. Rf2 Nd5 37. Qg4 Rh6 38. Qg7 Qd1+ 39. Nf1 Qh5 40. Ng3 Qg6
41. Qf8 Nxf6 42. b4 a4 43. b5 cxb5 44. d5 Nxd5 45. Rxf7+ Nc7 46. Qe7 Qc2 47.
Rf2 Qc5 48. Qg7 Rh4 49. Qf6 Rc4 50. h4 a3 51. h5 a2 52. Qf3+ Nd5 0-1

[Event "Egypt Open 2016"]
[Site "Eastern Company Club"]
[Date "2016.04.27"]
[Round "8"]
[Board "6"]
[White "Hesham, Abdelrahman"]
[Black "Abou El Zein, Eid Mahmoud"]
[Result "1-0"]
[WhiteElo "2390"]
[BlackElo "2150"]
[PlyCount "55"]
[EventDate "2016.04.22"]
[EventRounds "9"]
[EventCountry "EGY"]

1. d4 d5 2. c4 e6 3. Nc3 Bb4 4. Nf3 dxc4 5. e3 b5 6. a4 c6 7. Bd2 Qb6 8. Ne5
Nf6 9. Be2 Nbd7 10. O-O Bb7 11. Nxb5 cxb5 12. Bxb4 Nd5 13. Nxd7 Kxd7 14. Bc5
Qc6 15. axb5 Qxb5 16. Qd2 Nb6 17. b3 Bd5 18. e4 Bxe4 19. Qf4 Bd5 20. bxc4 Nxc4
21. Rab1 Qc6 22. Qxf7+ Kc8 23. Rbc1 Rb8 24. Bxc4 Bxc4 25. Rxc4 Rb7 26. Qf4 Rd8
27. Rfc1 g5 28. Bb6 1-0

[Event "Egypt Open 2016"]
[Site "Eastern Company Club"]
[Date "2016.04.27"]
[Round "8"]
[Board "7"]
[White "Sameeh, Hany"]
[Black "El Amary, Kamal"]
[Result "1/2-1/2"]
[WhiteElo "2180"]
[BlackElo "2281"]
[PlyCount "58"]
[EventDate "2016.04.22"]
[EventRounds "9"]
[EventCountry "EGY"]

1. e4 d5 2. exd5 Nf6 3. d4 Nxd5 4. c4 Nb6 5. Nf3 g6 6. c5 Nd5 7. Qb3 Bg7 8. Bc4
c6 9. Nc3 O-O 10. O-O Nxc3 11. bxc3 b5 12. Bd3 Be6 13. Qc2 Nd7 14. a4 a6 15.
Bf4 Bd5 16. Qe2 Re8 17. Rfe1 e5 18. dxe5 Nxc5 19. Bc2 Ne6 20. Bg3 Qb6 21. Qe3
Qxe3 22. Rxe3 Bh6 23. Re2 Rab8 24. axb5 axb5 25. Be4 Bxe4 26. Rxe4 c5 27. Kf1
b4 28. cxb4 cxb4 29. Rb1 b3 1/2-1/2

[Event "Egypt Open 2016"]
[Site "Eastern Company Club"]
[Date "2016.04.27"]
[Round "8"]
[Board "8"]
[White "Abdel Moniem, Mohamed"]
[Black "Yousry, Salah"]
[Result "0-1"]
[WhiteElo "2176"]
[BlackElo "2266"]
[PlyCount "72"]
[EventDate "2016.04.22"]
[EventRounds "9"]
[EventCountry "EGY"]

1. d4 d5 2. Nf3 c6 3. c3 Nf6 4. g3 g6 5. Bg2 Bg7 6. Nbd2 O-O 7. O-O Nbd7 8. Qc2
c5 9. e4 dxe4 10. Nxe4 Nxe4 11. Qxe4 cxd4 12. Nxd4 Nc5 13. Qe2 e5 14. Nb3 Ne6
15. Be3 Qc7 16. Qb5 f5 17. Bd5 Kh8 18. Nc5 Nd8 19. Bg5 Nf7 20. Bxf7 Qxf7 21.
Rad1 h6 22. Bc1 a6 23. Qb6 f4 24. f3 Bh3 25. Rf2 Rac8 26. g4 h5 27. Rd7 Qf6 28.
Rd6 Rcd8 29. Rfd2 Qh4 30. Rd1 Rxd6 31. Qxd6 hxg4 32. Qxg6 gxf3 33. Ne4 Bf5 34.
Qg5 f2+ 35. Kf1 Bh3+ 36. Ke2 Bg4+ 0-1

[Event "Egypt Open 2016"]
[Site "Eastern Company Club"]
[Date "2016.04.27"]
[Round "8"]
[Board "9"]
[White "Nader, Mohamed"]
[Black "Yasseen, Aly"]
[Result "0-1"]
[WhiteElo "2152"]
[BlackElo "2265"]
[PlyCount "78"]
[EventDate "2016.04.22"]
[EventRounds "9"]
[EventCountry "EGY"]

1. d4 Nf6 2. Nf3 c5 3. e3 g6 4. c3 b6 5. Nbd2 Bg7 6. e4 cxd4 7. cxd4 O-O 8. Bd3
d6 9. O-O Bb7 10. Qe2 Nc6 11. a3 Nd7 12. Nb3 a6 13. Be3 b5 14. Nbd2 e5 15. dxe5
Ncxe5 16. Nxe5 Nxe5 17. Bd4 d5 18. Bxe5 Bxe5 19. Rab1 Re8 20. f3 f5 21. Kh1 Qh4
22. g3 Bxg3 23. Qg2 dxe4 24. fxe4 fxe4 25. Bc2 e3 26. Bb3+ Kh8 27. Nf3 e2 28.
Nxh4 exf1=Q+ 29. Rxf1 Bxg2+ 30. Nxg2 Be5 31. Ne3 Bxb2 32. Ng4 h5 33. Nh6 Kg7
34. Nf7 Rf8 35. Rb1 Bxa3 36. Ng5 Rf2 37. Rd1 Re8 38. Kg1 Bc5 39. Rd5 Rf5+ 0-1

[Event "Egypt Open 2016"]
[Site "Eastern Company Club"]
[Date "2016.04.27"]
[Round "8"]
[Board "10"]
[White "Roshdy, Mahmoud"]
[Black "Saber, Ibrahim"]
[Result "1-0"]
[WhiteElo "2139"]
[BlackElo "2230"]
[PlyCount "89"]
[EventDate "2016.04.22"]
[EventRounds "9"]
[EventCountry "EGY"]

1. e4 e5 2. Nf3 Nf6 3. Nxe5 d6 4. Nf3 Nxe4 5. Qe2 Qe7 6. d3 Nf6 7. Bg5 Qxe2+ 8.
Bxe2 Be7 9. Nc3 h6 10. Bh4 g5 11. Bg3 Nh5 12. O-O-O Nc6 13. d4 Bd7 14. d5 Nxg3
15. hxg3 Ne5 16. Nd4 O-O-O 17. Ne4 Rde8 18. Rde1 f5 19. Nd2 Bf6 20. c3 Bg7 21.
Kc2 Rhf8 22. Bh5 Rd8 23. f4 Ng4 24. Ne6 Bxe6 25. dxe6 Rde8 26. Bxe8 Rxe8 27.
Re2 c6 28. Nc4 Kc7 29. fxg5 d5 30. Ne3 Rxe6 31. Nxd5+ Kd6 32. Rxe6+ Kxe6 33.
Nf4+ Kd6 34. Rd1+ Ke7 35. Re1+ Kf7 36. g6+ Kf8 37. Ne6+ Kg8 38. Nxg7 Kxg7 39.
Re7+ Kxg6 40. Rxb7 Ne3+ 41. Kd3 Nxg2 42. Ke2 f4 43. Kf3 Ne1+ 44. Kxf4 Kf6 45.
Ke3 1-0

[Event "Egypt Open 2016"]
[Site "Eastern Company Club"]
[Date "2016.04.27"]
[Round "8"]
[Board "12"]
[White "Zenhom, Saleh"]
[Black "Wageih, Kareim"]
[Result "0-1"]
[WhiteElo "2115"]
[BlackElo "2336"]
[PlyCount "56"]
[EventDate "2016.04.22"]
[EventRounds "9"]
[EventCountry "EGY"]

1. e4 c6 2. Nf3 d5 3. exd5 cxd5 4. Ne5 Nc6 5. Bb5 Bd7 6. Nxd7 Qxd7 7. d4 a6 8.
Be2 Nf6 9. O-O e6 10. c3 Bd6 11. f4 Qc7 12. Be3 Ne7 13. Qa4+ Nd7 14. Bd3 g6 15.
g3 h5 16. Nd2 h4 17. Kg2 Nf5 18. Rfe1 O-O-O 19. Nf3 hxg3 20. hxg3 Nf6 21. Bf2
Bxf4 22. Ne5 Bxe5 23. dxe5 Nd7 24. Bd4 Rh5 25. Qd1 Rg5 26. Bxf5 gxf5 27. Rf1 f6
28. Qe2 Rdg8 0-1

[Event "Egypt Open 2016"]
[Site "Eastern Company Club"]
[Date "2016.04.27"]
[Round "8"]
[Board "13"]
[White "Sarwat, Walaa"]
[Black "Ismail, Reda"]
[Result "0-1"]
[WhiteElo "2326"]
[BlackElo "2129"]
[PlyCount "101"]
[EventDate "2016.04.22"]
[EventRounds "9"]
[EventCountry "EGY"]

1. e4 c5 2. Nf3 d6 3. d4 cxd4 4. Nxd4 Nf6 5. Nc3 a6 6. f4 Nc6 7. Be3 e6 8. Qd2
Qc7 9. O-O-O Be7 10. Be2 Na5 11. g4 Nc4 12. Bxc4 Qxc4 13. g5 Nd7 14. f5 Ne5 15.
Qg2 Bd7 16. Rhf1 Rc8 17. Bf4 Nc6 18. fxe6 fxe6 19. Nxc6 Rxc6 20. Be3 e5 21. Rd3
Be6 22. a3 b5 23. Qe2 Bf7 24. h4 O-O 25. b3 Qe6 26. Nd5 Rfc8 27. Nb4 R6c7 28.
Bb6 Rb7 29. Ba5 h6 30. Rg3 Qg6 31. Rgf3 Be6 32. Rg1 h5 33. Qd3 d5 34. Nxa6
Bxa3+ 35. Kb1 Rd7 36. Qe2 Bc5 37. Rd1 Bg4 38. Bc3 Rf7 39. Rdf1 Rcf8 40. Rxf7
Bxe2 41. Rxf8+ Bxf8 42. Re1 Qxe4 43. Nc7 Bc5 44. Ne6 Bf2 45. Rc1 d4 46. Bb4 Qc6
47. Be1 Be3 48. Ba5 Bxc1 49. Kxc1 e4 50. g6 Bg4 51. Ng5 0-1

[Event "Egypt Open 2016"]
[Site "Eastern Company Club"]
[Date "2016.04.27"]
[Round "8"]
[Board "15"]
[White "El Arousy, Abdul Hameed"]
[Black "Mohamed Ahmed, Esam"]
[Result "1-0"]
[WhiteElo "2265"]
[BlackElo "2092"]
[PlyCount "85"]
[EventDate "2016.04.22"]
[EventRounds "9"]
[EventCountry "EGY"]

1. d4 Nf6 2. c4 g6 3. Nc3 Bg7 4. e4 d6 5. f3 Nbd7 6. Be3 e5 7. Nge2 O-O 8. Qd2
exd4 9. Nxd4 Re8 10. Be2 a5 11. O-O Nc5 12. Bg5 Nfxe4 13. fxe4 Bxd4+ 14. Qxd4
Qxg5 15. Nd5 Nxe4 16. Nxc7 Bh3 17. Bf3 Nd2 18. Bd5 Nxf1 19. Rxf1 Be6 20. Bxe6
fxe6 21. Nxa8 Rxa8 22. Qxd6 Re8 23. h3 Qe7 24. Rd1 Qxd6 25. Rxd6 Kf7 26. Kf2
Re7 27. b3 a4 28. b4 Kf6 29. Ke3 Ke5 30. Rb6 Rd7 31. Rb5+ Kf6 32. Ra5 Rd1 33.
Rxa4 Rg1 34. Kf2 Rc1 35. c5 Ke5 36. Ra7 Ke4 37. Rxb7 Rc2+ 38. Kg3 Rc3+ 39. Kh2
e5 40. a4 Kd4 41. a5 Ra3 42. Rd7+ Kc4 43. c6 1-0

[Event "Egypt Open 2016"]
[Site "Eastern Company Club"]
[Date "2016.04.27"]
[Round "8"]
[Board "17"]
[White "Nyazi, Nehad"]
[Black "Kamel, Nabil"]
[Result "1-0"]
[WhiteElo "2242"]
[BlackElo "2085"]
[PlyCount "55"]
[EventDate "2016.04.22"]
[EventRounds "9"]
[EventCountry "EGY"]

1. d4 b6 2. c4 Bb7 3. Nc3 e6 4. a3 Nf6 5. Nf3 a6 6. d5 exd5 7. cxd5 d6 8. e4 c5
9. dxc6 Nxc6 10. Bc4 Be7 11. O-O O-O 12. Ba2 Ne5 13. Re1 Rc8 14. Bf4 Nc4 15.
Qe2 b5 16. Rad1 Qb6 17. Nd4 g6 18. Bh6 Rfe8 19. Qf3 Ne5 20. Qh3 Rc5 21. Be3 Bc8
22. Nf5 gxf5 23. exf5 Kh8 24. f4 Neg4 25. Bd4 Bxf5 26. Bxf7 Ne5 27. Qxf5 Nxf7
28. Qxf6+ 1-0

[Event "Egypt Open 2016"]
[Site "Eastern Company Club"]
[Date "2016.04.27"]
[Round "8"]
[Board "18"]
[White "Khalil, Hany"]
[Black "Ezat, Abdallah"]
[Result "1/2-1/2"]
[WhiteElo "2036"]
[BlackElo "2239"]
[PlyCount "94"]
[EventDate "2016.04.22"]
[EventRounds "9"]
[EventCountry "EGY"]

1. c4 c6 2. d4 d5 3. Nc3 Nf6 4. Nf3 e6 5. e3 Nbd7 6. Bd3 dxc4 7. Bxc4 b5 8. Bd3
Bb7 9. O-O a6 10. a3 c5 11. Be2 c4 12. Bd2 Qc7 13. h3 Rg8 14. Nh2 Bd6 15. Ng4
h5 16. Nxf6+ gxf6 17. Bf3 f5 18. e4 Bf4 19. d5 Bxd2 20. dxe6 Bxc3 21. exd7+
Qxd7 22. Qxd7+ Kxd7 23. bxc3 Bxe4 24. Rfd1+ Kc7 25. Bxe4 fxe4 26. Rd5 Rad8 27.
Rxh5 Rd3 28. Rc1 Kd6 29. Kf1 Rg6 30. a4 Rd5 31. Rxd5+ Kxd5 32. axb5 axb5 33. g4
Ke5 34. Ke2 Rc6 35. h4 b4 36. h5 b3 37. Rh1 b2 38. Rb1 Rf6 39. h6 Rxh6 40. Rxb2
Rh3 41. Rb7 Rxc3 42. Rxf7 Rd3 43. g5 Rd6 44. Ke3 Rg6 45. Rf4 Kd5 46. Rf5+ Kc6
47. Kxe4 c3 1/2-1/2

[Event "Egypt Open 2016"]
[Site "Eastern Company Club"]
[Date "2016.04.27"]
[Round "8"]
[Board "21"]
[White "Morsy, Elsayed"]
[Black "Ragheb, Malak"]
[Result "1-0"]
[WhiteElo "2002"]
[BlackElo "2226"]
[PlyCount "69"]
[EventDate "2016.04.22"]
[EventRounds "9"]
[EventCountry "EGY"]

1. e4 c5 2. Nf3 d6 3. d4 cxd4 4. Nxd4 Nf6 5. Nc3 a6 6. a4 b6 7. Be2 Bb7 8. Bf3
Nbd7 9. g3 g6 10. O-O Bg7 11. Bg2 Nc5 12. Re1 a5 13. Nf3 O-O 14. h3 Rb8 15. Qe2
Ba6 16. Rb1 Qd7 17. b3 Ne8 18. Qd2 Bb7 19. Bb2 Bc6 20. Nd4 Ba8 21. Rbd1 Nc7 22.
Ba1 Rfe8 23. Kh2 Rbd8 24. Bf1 d5 25. exd5 Bxd5 26. Nxd5 Qxd5 27. Bg2 Qd6 28.
Qe2 Bxd4 29. Rxd4 Qe6 30. Qd2 Rxd4 31. Qxd4 Qf6 32. Qe3 Qf5 33. Bf6 Rd8 34.
Qxe7 Qxf2 35. Qxd8+ 1-0

[Event "Egypt Open 2016"]
[Site "Eastern Company Club"]
[Date "2016.04.27"]
[Round "8"]
[Board "22"]
[White "Sayed Hassan, Mohamed"]
[Black "El Shenawy, Ashraf"]
[Result "1-0"]
[WhiteElo "2177"]
[BlackElo "2072"]
[PlyCount "105"]
[EventDate "2016.04.22"]
[EventRounds "9"]
[EventCountry "EGY"]

1. d4 e6 2. Nf3 d5 3. e3 Bd6 4. Bd3 f5 5. c4 c6 6. Nc3 Nf6 7. O-O O-O 8. Ne5
Bxe5 9. dxe5 Ng4 10. f4 b6 11. cxd5 exd5 12. Ne2 c5 13. h3 Nh6 14. a4 Nc6 15.
Bd2 Bb7 16. b3 Rc8 17. Rc1 Ne7 18. Be1 Qd7 19. Kh2 Qe6 20. a5 Kh8 21. axb6 axb6
22. Ra1 Ra8 23. Bc3 Qc6 24. Rf3 Ng6 25. Rg3 Rfd8 26. b4 Nf8 27. bxc5 bxc5 28.
Qb1 Rxa1 29. Bxa1 Ba6 30. Bxf5 Qb5 31. e6 d4 32. e7 Re8 33. exf8=Q+ Rxf8 34.
Nxd4 cxd4 35. Bxh7 Qxb1 36. Bxb1 Nf5 37. Bxf5 Rxf5 38. Bxd4 Rf7 39. Rg5 Bd3 40.
h4 Kh7 41. h5 g6 42. hxg6+ Bxg6 43. g4 Rb7 44. f5 Be8 45. Kg3 Rc7 46. Kf4 Rb7
47. f6 Bg6 48. Rc5 Kg8 49. Rc8+ Kf7 50. Kg5 Rb5+ 51. Bc5 Bc2 52. Rc7+ Ke6 53.
f7 1-0

[Event "Egypt Open 2016"]
[Site "Eastern Company Club"]
[Date "2016.04.27"]
[Round "8"]
[Board "23"]
[White "Youssef, Fady"]
[Black "Fatehy, Tarek"]
[Result "1/2-1/2"]
[WhiteElo "1844"]
[BlackElo "2215"]
[PlyCount "58"]
[EventDate "2016.04.22"]
[EventRounds "9"]
[EventCountry "EGY"]

1. e4 c5 2. Nc3 Nc6 3. g3 d6 4. Bg2 Nf6 5. d3 g6 6. h3 Bg7 7. Be3 a6 8. Nge2
O-O 9. O-O Rb8 10. Qd2 Re8 11. f4 e6 12. g4 Ne7 13. f5 Nd7 14. Ng3 b5 15. Bg5
f6 16. Bh6 b4 17. Bxg7 Kxg7 18. Nd1 Ne5 19. Ne3 Bb7 20. Rf2 exf5 21. gxf5 g5
22. Bh1 Kh8 23. Kh2 a5 24. Rg1 Qc7 25. c3 Rf8 26. Bf3 Nxf3+ 27. Rxf3 Rbd8 28.
c4 h6 29. Nd5 Rf7 1/2-1/2

[Event "Egypt Open 2016"]
[Site "Eastern Company Club"]
[Date "2016.04.27"]
[Round "8"]
[Board "24"]
[White "Abdel Aziem, Ahmed Fatehy"]
[Black "Elgabry, Mohsen"]
[Result "0-1"]
[WhiteElo "2051"]
[BlackElo "2365"]
[PlyCount "92"]
[EventDate "2016.04.22"]
[EventRounds "9"]
[EventCountry "EGY"]

1. e4 b6 2. d4 Bb7 3. Nc3 e6 4. Nf3 Bb4 5. Bd3 Nf6 6. e5 Ne4 7. Bd2 Nxd2 8.
Qxd2 f5 9. a3 Bxc3 10. Qxc3 O-O 11. O-O-O Nc6 12. Bc4 Ne7 13. Rhg1 a6 14. Qd2
b5 15. Ba2 Bxf3 16. gxf3 c6 17. h4 Kh8 18. h5 Ng8 19. Rg6 Rf7 20. Rdg1 a5 21.
R6g5 Qe7 22. R1g2 Nh6 23. f4 b4 24. a4 d5 25. Rg1 c5 26. dxc5 Qxc5 27. f3 Rc8
28. Bb3 Rfc7 29. R5g2 Qc6 30. Kb1 Qe8 31. Rg5 Qc6 32. Qg2 Rg8 33. Qd2 Qc5 34.
R5g2 Nf7 35. Ka2 Nd8 36. Rd1 Nb7 37. Qd3 Qc6 38. h6 Nc5 39. Qe3 g6 40. Qf2 Nxa4
41. Qh4 Rf8 42. Rgd2 Nb6 43. Ka1 a4 44. Ba2 a3 45. Qf2 axb2+ 46. Kb1 Na4 0-1

[Event "Egypt Open 2016"]
[Site "Eastern Company Club"]
[Date "2016.04.27"]
[Round "8"]
[Board "26"]
[White "Yaser, Kareim"]
[Black "El Ghazali, Youssef M."]
[Result "0-1"]
[WhiteElo "2032"]
[BlackElo "2320"]
[PlyCount "68"]
[EventDate "2016.04.22"]
[EventRounds "9"]
[EventCountry "EGY"]

1. d4 Nf6 2. c4 e6 3. Nc3 c5 4. d5 exd5 5. cxd5 g6 6. e4 d6 7. Nf3 Bg7 8. h3
O-O 9. Bd3 a6 10. a4 Nbd7 11. Bf4 Qc7 12. Nd2 Re8 13. O-O Rb8 14. Qc2 Ne5 15.
Bxe5 Rxe5 16. Nc4 Re8 17. a5 Nd7 18. Na4 Bd4 19. Kh1 Nf6 20. Nab6 Qe7 21. Rae1
Nh5 22. Nxc8 Rbxc8 23. g3 Rcd8 24. Kg2 Qg5 25. Qc1 Qf6 26. f4 Qg7 27. g4 Nf6
28. Kh2 h6 29. Nxd6 Rxd6 30. e5 Rdd8 31. exf6 Qxf6 32. Be4 Qd6 33. Kg2 Rxe4 34.
Rxe4 Qxd5 0-1

[Event "Egypt Open 2016"]
[Site "Eastern Company Club"]
[Date "2016.04.27"]
[Round "8"]
[Board "27"]
[White "Ismail, Youssef"]
[Black "Allam, Emad Hamdy"]
[Result "0-1"]
[WhiteElo "2164"]
[BlackElo "2030"]
[PlyCount "78"]
[EventDate "2016.04.22"]
[EventRounds "9"]
[EventCountry "EGY"]

1. Nf3 c5 2. e3 g6 3. d4 Bg7 4. c4 Nf6 5. Nc3 O-O 6. Be2 d6 7. O-O Nc6 8. d5
Ne5 9. Nxe5 dxe5 10. e4 Ne8 11. Be3 b6 12. a3 f5 13. f3 Bd7 14. b4 Qc7 15. Qb3
Nd6 16. Rfc1 a6 17. Bd3 f4 18. Bf2 g5 19. Qd1 h5 20. Be2 Rf6 21. bxc5 bxc5 22.
Na4 Bxa4 23. Qxa4 g4 24. Qc2 Rg6 25. Kh1 g3 26. Bg1 gxh2 27. Bf2 Bf6 28. Rab1
Kh8 29. Qa4 Rag8 30. Bf1 Nf7 31. Qc6 Qd8 32. Qxc5 Ng5 33. Bh4 Nxe4 34. Bxf6+
Nxf6 35. Rb7 e4 36. fxe4 f3 37. gxf3 Qf8 38. Qe3 Qg7 39. Qf4 Rg1+ 0-1

[Event "Egypt Open 2016"]
[Site "Eastern Company Club"]
[Date "2016.04.27"]
[Round "8"]
[Board "29"]
[White "Ibrahim, Mohamed"]
[Black "Ibrahim, Mahmoud"]
[Result "1-0"]
[WhiteElo "2137"]
[BlackElo "2000"]
[PlyCount "63"]
[EventDate "2016.04.22"]
[EventRounds "9"]
[EventCountry "EGY"]

1. e4 e6 2. d4 d5 3. Nc3 dxe4 4. Nxe4 Nf6 5. Nxf6+ Qxf6 6. Nf3 Bd6 7. Bg5 Qf5
8. Bd3 Qa5+ 9. Bd2 Qb6 10. c4 c5 11. b4 Qd8 12. Bg5 f6 13. bxc5 Bxc5 14. dxc5
fxg5 15. Qc2 Qa5+ 16. Nd2 Nc6 17. Bxh7 Bd7 18. Bg6+ Ke7 19. Qb2 e5 20. O-O Rh6
21. Be4 Nd4 22. Rfe1 Rah8 23. Nf1 Qxc5 24. Bd5 Kd6 25. Qd2 Bg4 26. Qe3 Re8 27.
Ng3 Bf5 28. Qxg5 Qc8 29. Rad1 Bc2 30. Rd2 Qd8 31. Rxc2 Nxc2 32. Qxg7 1-0

[Event "Egypt Open 2016"]
[Site "Eastern Company Club"]
[Date "2016.04.27"]
[Round "8"]
[Board "48"]
[White "Roshdy, Mohamed"]
[Black "Moreis, Kamel"]
[Result "0-1"]
[WhiteElo "1801"]
[BlackElo "2046"]
[PlyCount "80"]
[EventDate "2016.04.22"]
[EventRounds "9"]
[EventCountry "EGY"]

1. Nf3 Nf6 2. d4 g6 3. c4 Bg7 4. Nc3 d6 5. e4 O-O 6. Be2 c6 7. O-O Qc7 8. Bf4
Qb6 9. Qd2 Bg4 10. h3 Bc8 11. e5 Ne8 12. exd6 exd6 13. Ne4 d5 14. c5 Qd8 15.
Nd6 Nxd6 16. Bxd6 Re8 17. Bd3 Be6 18. Rae1 Nd7 19. Re2 f6 20. Rfe1 Bf7 21. Re7
Rxe7 22. Bxe7 Qc7 23. g4 Re8 24. Bd6 Qc8 25. Kg2 Rxe1 26. Nxe1 Nf8 27. f4 Ne6
28. f5 Nxd4 29. Qf4 Qe8 30. Kf2 Nb5 31. Bb8 g5 32. Qg3 Bf8 33. Bxb5 Bxc5+ 34.
Kf1 cxb5 35. Nd3 Bb6 36. Bd6 Qe4 37. Bb4 Bc7 38. Qxc7 Qxd3+ 39. Kg1 Qd4+ 40.
Kf1 Qxb4 0-1

[Event "Egypt Open 2016"]
[Site "Eastern Company Club"]
[Date "2016.04.27"]
[Round "8"]
[Board "52"]
[White "Abdel Hameed, Mazen"]
[Black "Aboud, Essam"]
[Result "0-1"]
[WhiteElo "2000"]
[BlackElo "1891"]
[PlyCount "58"]
[EventDate "2016.04.22"]
[EventRounds "9"]
[EventCountry "EGY"]

1. e4 d6 2. d4 g6 3. c4 Bg7 4. Nf3 Nd7 5. Nc3 h6 6. Be3 b6 7. Be2 e6 8. O-O Ne7
9. Rc1 O-O 10. Ne1 f5 11. f3 f4 12. Bf2 e5 13. d5 g5 14. b4 h5 15. Na4 a5 16.
c5 axb4 17. cxd6 cxd6 18. Rc4 b5 19. Rxc8 Nxc8 20. Bxb5 Ndb6 21. Nd3 Nxa4 22.
Bxa4 Rb8 23. Qd2 Nb6 24. Bb3 g4 25. Nxb4 gxf3 26. gxf3 Qd7 27. Nc6 Qh3 28. Nxb8
Rf6 29. Bxb6 Rg6+ 0-1

[Event "Egypt Open 2016"]
[Site "Eastern Company Club"]
[Date "2016.04.27"]
[Round "8"]
[Board "54"]
[White "Mabrook, Hamdy"]
[Black "M.Mahmoud, Mohamed"]
[Result "0-1"]
[WhiteElo "1991"]
[BlackElo "1876"]
[PlyCount "77"]
[EventDate "2016.04.22"]
[EventRounds "9"]
[EventCountry "EGY"]

1. Nf3 Nf6 2. g3 Nc6 3. d4 e6 4. c4 Be7 5. Nc3 O-O 6. Bg2 d5 7. cxd5 Nxd5 8.
O-O Bf6 9. e4 Nb6 10. Be3 Nc4 11. b3 Nxe3 12. fxe3 g6 13. Rc1 Bg7 14. Qe2 Qe7
15. Rfd1 Bd7 16. Na4 Rab8 17. Nc5 Bc8 18. e5 Nb4 19. Qd2 Nd5 20. e4 Nb6 21. Rc2
c6 22. Ne1 Rd8 23. Qe2 Nd7 24. Ned3 Nxc5 25. Nxc5 b6 26. Na4 Bb7 27. Nb2 Rd7
28. Qe3 Rbd8 29. Rcd2 b5 30. Bf3 Qb4 31. Rd3 a5 32. a4 bxa4 33. Nxa4 Ba6 34.
R3d2 Bf8 35. d5 Bb5 36. Rd4 Qa3 37. dxe6 Rxd4 38. exf7+ Kxf7 39. Rxd4 0-1

[Event "Egypt Open 2016"]
[Site "Eastern Company Club"]
[Date "2016.04.28"]
[Round "9"]
[Board "1"]
[White "Adly, Ahmed"]
[Black "Abdel Fadil, Mohamed"]
[Result "1-0"]
[WhiteElo "2601"]
[BlackElo "2217"]
[PlyCount "81"]
[EventDate "2016.04.22"]
[EventRounds "9"]
[EventCountry "EGY"]

1. d4 Nf6 2. Nf3 d6 3. g3 Nbd7 4. Bg2 c6 5. O-O e5 6. c4 Be7 7. Nc3 O-O 8. e4
Re8 9. h3 a6 10. Qc2 Bf8 11. Rd1 Qc7 12. Be3 b5 13. Rac1 b4 14. Ne2 a5 15. g4
g6 16. Ng3 exd4 17. Nxd4 Nb8 18. e5 dxe5 19. Nb5 Qe7 20. Bg5 Bg7 21. Ne4 Rf8
22. Qe2 h6 23. Nxf6+ Bxf6 24. Bxh6 Rd8 25. Rxd8+ Qxd8 26. Rd1 Qe7 27. Rc1 Qd8
28. Rd1 Qe7 29. Qd2 Bd7 30. Be3 Be6 31. g5 Bg7 32. Qd8+ Bf8 33. Nc7 Qxd8 34.
Rxd8 Na6 35. Nxa8 Kg7 36. Bxc6 Bxc4 37. Bd5 Bb5 38. Nb6 Nc7 39. Bc4 Bc6 40. Rc8
Bd6 41. Bc5 1-0

[Event "Egypt Open 2016"]
[Site "Eastern Company Club"]
[Date "2016.04.28"]
[Round "9"]
[Board "2"]
[White "Ameir, Moheb"]
[Black "Hesham, Abdelrahman"]
[Result "0-1"]
[WhiteElo "2430"]
[BlackElo "2390"]
[PlyCount "76"]
[EventDate "2016.04.22"]
[EventRounds "9"]
[EventCountry "EGY"]

1. e4 c5 2. Nf3 d6 3. d4 cxd4 4. Nxd4 Nf6 5. Nc3 a6 6. h3 e6 7. g4 b5 8. Bg2
Bb7 9. O-O Qc7 10. Re1 Be7 11. a4 b4 12. Na2 h6 13. Nxb4 d5 14. Nxd5 exd5 15.
exd5 O-O 16. Nf5 Bd6 17. Be3 Nbd7 18. Qd2 Rfe8 19. c4 Bf8 20. Rac1 a5 21. Red1
Bb4 22. Qc2 Nc5 23. Rd4 Qb6 24. Rf4 Nfd7 25. Bd4 Ne5 26. Nxg7 Kxg7 27. Qf5 Qg6
28. Bxe5+ Kg8 29. Rd1 Qxf5 30. Rxf5 Bc8 31. Rh5 Ra6 32. d6 Bd7 33. Rd5 Re6 34.
g5 Bc6 35. gxh6 Kh7 36. d7 Nxd7 37. Be4+ Rg6+ 38. Kh2 Bxd5 0-1

[Event "Egypt Open 2016"]
[Site "Eastern Company Club"]
[Date "2016.04.28"]
[Round "9"]
[Board "3"]
[White "Yasseen, Aly"]
[Black "Petrov, Marian"]
[Result "0-1"]
[WhiteElo "2265"]
[BlackElo "2447"]
[PlyCount "62"]
[EventDate "2016.04.22"]
[EventRounds "9"]
[EventCountry "EGY"]

1. e4 c5 2. Nf3 Nc6 3. d4 cxd4 4. Nxd4 Qb6 5. Nb3 Nf6 6. Nc3 e6 7. Be3 Qc7 8.
Bd3 a6 9. f4 d6 10. a4 Be7 11. O-O O-O 12. g4 Re8 13. g5 Nd7 14. Rf3 Bf8 15.
Rh3 g6 16. Qg4 Bg7 17. Qh4 h5 18. gxh6 Bf6 19. h7+ Kh8 20. Qg3 Nb4 21. Rf1 Bg7
22. f5 exf5 23. exf5 Ne5 24. Bd4 Nbxd3 25. cxd3 Bxf5 26. Rxf5 gxf5 27. Qf4 Qd7
28. Rg3 Qe6 29. Qg5 Bf6 30. Qh5 f4 31. Rg8+ Rxg8+ 0-1

[Event "Egypt Open 2016"]
[Site "Eastern Company Club"]
[Date "2016.04.28"]
[Round "9"]
[Board "4"]
[White "Abdel Razik, Khaled"]
[Black "Roshdy, Mahmoud"]
[Result "1/2-1/2"]
[WhiteElo "2392"]
[BlackElo "2139"]
[PlyCount "29"]
[EventDate "2016.04.22"]
[EventRounds "9"]
[EventCountry "EGY"]

1. d4 d5 2. c4 c6 3. Nc3 Nf6 4. Nf3 e6 5. e3 Nbd7 6. Qc2 Bd6 7. g4 h6 8. Rg1 e5
9. cxd5 Nxd5 10. Bd2 exd4 11. Nxd5 cxd5 12. O-O-O Nf6 13. Qa4+ Bd7 14. Qxd4
Bxg4 15. Be2 1/2-1/2

[Event "Egypt Open 2016"]
[Site "Eastern Company Club"]
[Date "2016.04.28"]
[Round "9"]
[Board "5"]
[White "Yousry, Salah"]
[Black "Gabr, Mohsen"]
[Result "1/2-1/2"]
[WhiteElo "2266"]
[BlackElo "2225"]
[PlyCount "25"]
[EventDate "2016.04.22"]
[EventRounds "9"]
[EventCountry "EGY"]

1. c4 c5 2. Nf3 Nc6 3. Nc3 g6 4. g3 Bg7 5. Bg2 e5 6. O-O Nge7 7. e4 d6 8. d3
Bg4 9. h3 Bxf3 10. Qxf3 Nd4 11. Qd1 O-O 12. f4 Rb8 13. Be3 1/2-1/2

[Event "Egypt Open 2016"]
[Site "Eastern Company Club"]
[Date "2016.04.28"]
[Round "9"]
[Board "7"]
[White "Wageih, Kareim"]
[Black "Nyazi, Nehad"]
[Result "1-0"]
[WhiteElo "2336"]
[BlackElo "2242"]
[PlyCount "105"]
[EventDate "2016.04.22"]
[EventRounds "9"]
[EventCountry "EGY"]

1. d4 Nf6 2. Nf3 e6 3. e3 b6 4. Bd3 Bb7 5. O-O Be7 6. c4 c5 7. Nc3 cxd4 8. exd4
d5 9. cxd5 Nxd5 10. Ne5 O-O 11. Qh5 Nf6 12. Qh4 Ne4 13. Qh3 Qxd4 14. Bf4 Nf6
15. Ne2 Qa4 16. Bg5 g6 17. Bh6 Rd8 18. Rfe1 Qe8 19. Nf4 Nc6 20. Bb5 Rd6 21. Nc4
a6 22. Nxd6 Bxd6 23. Bxc6 Bxc6 24. Nxe6 fxe6 25. Rxe6 Be7 26. Bg5 Nd5 27. Bxe7
Nxe7 28. Qh4 Ra7 29. Rae1 Kf8 30. Qf6+ Qf7 31. Rxc6 Nxc6 32. Qh8+ Qg8 33. Re8+
Kxe8 34. Qxg8+ Ke7 35. Qxh7+ Kf6 36. Qh8+ Kf7 37. Qh7+ Kf6 38. Qg8 Ne7 39. Qb8
Rd7 40. Qxb6+ Kg7 41. h3 Rd2 42. Qb4 Rd1+ 43. Kh2 Nd5 44. Qb7+ Kh6 45. Qxa6 Rd2
46. Qc4 g5 47. a4 Nf4 48. Qb4 Re2 49. a5 Kh5 50. Qb6 Re6 51. Qb5 Re2 52. Qxe2+
Nxe2 53. a6 1-0